| 000 | 00359nam a2200133Ia 4500 | ||
|---|---|---|---|
| 005 | 20260328104249.0 | ||
| 008 | 260328s9999||||xx |||||||||||||| ||und|| | ||
| 100 | _aBurkhart, Bryan | ||
| 245 | 0 |
_aAirstream : _b the History of the land yacht / _cBryan Burkhart |
|
| 260 | _bChronicle Books | ||
| 300 | _a143 p. | ||
| 650 | _aARQUITECTURA Y CLIMA | ||
| 942 | _cBK | ||
| 999 |
_c10179 _d10179 |
||